000
00322nam a22001337a 4500
008
181016b xxu||||| |||| 00| 0 eng d
020
_a
9780805063196
041
_a
eng
080
_a
617
100
_a
5
101
_a
KIR
245
_a
Complications A Surgeon Notes A Imperfect Science
_c
Atul.G
942
_2
udc
_c
BK
999
_c
49875
_d
49875